| 000 | 00538nam a2200193 a 4500 | ||
|---|---|---|---|
| 001 | 3360 | ||
| 003 | CDMR | ||
| 005 | 20151026134202.0 | ||
| 008 | 130130s1974||||||||||||||||||||||||||||d | ||
| 040 |
_aCDMR _bcat _cCDMR |
||
| 100 | 1 |
_aHunt, Tood _92424 |
|
| 245 | 1 | 0 |
_aReseña periodística _cTodd Hunt |
| 246 | _aReviewing for Mass Media | ||
| 260 |
_aMéxico _c1974 _bEditores Asociados |
||
| 490 | 0 | _aDidáctica Moderna | |
| 650 | 0 | 4 |
_93419 _aDiaris _xSeccions, columnes, etc |
| 650 | 0 | 4 |
_93772 _aPeriodisme--Manuals d'estil |
| 942 |
_cMON _2udc |
||
| 999 |
_c3360 _d3360 |
||